Linares Patricio Cristiano: notas y apuntes rasgos y perfiles del dictador
Saved in:
| Hovedforfatter: | |
|---|---|
| Format: | Bog |
| Sprog: | spansk |
| Udgivet: |
Córdoba
Cóndor
1964
|
| Fag: | |
| Tags: |
Tilføj Tag
Ingen Tags, Vær først til at tagge denne postø!
|
MARC
| LEADER | 00000nam a2200000 a 4500 | ||
|---|---|---|---|
| 001 | UCO3196 | ||
| 003 | CL-VaPUC | ||
| 008 | 000714e19640000AG |||||||||||||||||spa|d | ||
| 082 | 0 | 4 | |a 923.1 |b ARA |2 21 |
| 100 | 0 | |a Arana Urioste, Nicanor |e author |9 447125 | |
| 245 | 1 | 0 | |a Linares Patricio Cristiano: notas y apuntes rasgos y perfiles del dictador |
| 300 | |a 344 p | ||
| 942 | |c BK | ||
| 945 | |d 20000714 00:00:00 |a rherrera | ||
| 260 | |a Córdoba |b Cóndor |c 1964 | ||
| 600 | 0 | 7 | |a LINARES LIZARAZU, JOSE MANUEL |2 CL-VaPUC |9 447126 |
| 650 | 0 | |a Biografías |9 255210 | |
| 650 | 0 | |a Presidentes |9 255176 | |
| 650 | 7 | |a HISTORIA DE BOLIVIA SIGLO 19 |2 CL-VaPUC |9 447127 | |
| 650 | 0 | |a Dictadores |9 257742 | |
| 651 | 0 | |a Bolivia |9 255454 | |
| 583 | |a last modification |c 20160829 03:33:34 |k Rodrigo Vera | ||
| 999 | |c 289666 |d 289664 | ||
| 952 | |0 0 |1 0 |4 0 |6 923_100000000000000_ARA_1964 |7 0 |8 A |9 338247 |a BIBHIS |b BIBHIS |d 2019-11-20 |i 1298305 |o 923.1 ARA 1964 |p 1298305 |r 2025-01-20 |w 2019-11-20 |y BK |k HIS | ||